Statistics for Brands Logo Quiz #3 but The Logos are Zoomed In!

Click here to take the quiz!

General Stats

  • This quiz has been taken 1,419 times
  • The average score is 12 of 20

Answer Stats

Answer% Correct
Facebook
95%
Netflix
93%
Red Bull
91%
XBOX
91%
Nintendo
90%
Snickers
90%
YouTube
90%
Skittles
87%
Roblox
77%
Louis Vuitton
65%
Air Jordan
61%
NBC
59%
Warner Bros
52%
Arm & Hammer
50%
Gerber
43%
Nintendo 64
29%
AOL
25%
Internet Explorer
22%
Sierra Mist
22%
AOL Instant Messenger
6%

Score Distribution

Percentile by Number Answered

Percent of People with Each Score

Your Score History

You have not taken this quiz